LIBRARY & INFORMATION CENTRE, KCAET, TAVANUR

ONLINE PUBLIC ACCESS CATALOGUE (OPAC)

Mechanics via the calculus / (Record no. 6345)

MARC details
000 -LEADER
fixed length control field 00418cam a2200169ua 4500
041 ## - LANGUAGE CODE
Language code of text/sound track or separate title eng
082 ## - DEWEY DECIMAL CLASSIFICATION NUMBER
Classification number 531
Item number NOR/ME
100 ## - MAIN ENTRY--AUTHOR NAME
Personal name Norris, P W .
245 ## - TITLE STATEMENT
Title Mechanics via the calculus /
250 ## - EDITION STATEMENT
Edition statement 3 /
260 ## - PUBLICATION, DISTRIBUTION, ETC. (IMPRINT)
Place of publication London :
Name of publisher Cleaver-Hume press Ltd ,
Year of publication 1961.
300 ## - PHYSICAL DESCRIPTION
Number of Pages 367 ; .
700 1# - ADDED ENTRY--PERSONAL NAME
Personal name Seymourlegge, W .
942 ## - ADDED ENTRY ELEMENTS (KOHA)
Koha item type Books
Holdings
Withdrawn status Lost status Damaged status Home library Current library Date acquired Full call number Accession Number Koha item type
Withdrawn     KAUAET KAUAET 07/04/2012 531 7977 Books
free website counter